|
|
|
|
| LEADER |
02208nam a2200421 a 4500 |
| 001 |
EBC3019557 |
| 003 |
MiAaPQ |
| 005 |
20200520144314.0 |
| 006 |
m o d | |
| 007 |
cr cn||||||||| |
| 008 |
090805s2010 nyua sb 001 0 eng d |
| 010 |
|
|
|z 2009031686
|
| 020 |
|
|
|z 9781607413271 (hbk.)
|
| 020 |
|
|
|z 1607413272 (hbk.)
|
| 020 |
|
|
|a 9781613245439 (electronic bk.)
|
| 035 |
|
|
|a (MiAaPQ)EBC3019557
|
| 035 |
|
|
|a (Au-PeEL)EBL3019557
|
| 035 |
|
|
|a (CaPaEBR)ebr10671122
|
| 035 |
|
|
|a (OCoLC)744653111
|
| 040 |
|
|
|a MiAaPQ
|c MiAaPQ
|d MiAaPQ
|
| 043 |
|
|
|a n-us---
|
| 050 |
|
4 |
|a KF969.582008
|b .A2 2010
|
| 082 |
0 |
4 |
|a 346.73/082
|2 22
|
| 245 |
0 |
0 |
|a Emergency Economic Stabilization Act
|h [electronic resource] /
|c Nikola Vazquez, editor.
|
| 260 |
|
|
|a New York :
|b Nova Science Publishers,
|c c2010.
|
| 300 |
|
|
|a xv, 136 p. :
|b ill. (some col.).
|
| 490 |
1 |
|
|a Financial institutions and services series
|
| 504 |
|
|
|a Includes bibliographical references and index.
|
| 505 |
0 |
|
|a Emergency Economic Stabilization Act : preliminary analysis of oversight provisions / Curtis W. Copeland -- The Emergency Economic Stabilization Act and current financial turmoil : issues and analysis / Baird Webel and Edward V. Murphy -- Reporting requirements in the Emergency Economic Stabilization Act of 2008 / Curtis W. Copeland -- "Fast track" parliamentary procedures of the Emergency Economic Stabilization Act / Christopher M. Davis -- The Emergency Economic Stabilization Act's insurance for troubled assets / Baird Webel -- The Special Inspector General for the Troubled Asset Relief Program (SIG TARP) / Vanessa K. Burrows.
|
| 533 |
|
|
|a Electronic reproduction. Ann Arbor, MI : ProQuest, 2015. Available via World Wide Web. Access may be limited to ProQuest affiliated libraries.
|
| 610 |
1 |
0 |
|a United States.
|t Emergency Economic Stabilization Act of 2008.
|
| 650 |
|
0 |
|a Banking law
|z United States.
|
| 650 |
|
0 |
|a Global Financial Crisis, 2008-2009.
|
| 655 |
|
4 |
|a Electronic books.
|
| 700 |
1 |
|
|a Vazquez, Nikola.
|
| 710 |
2 |
|
|a ProQuest (Firm)
|
| 830 |
|
0 |
|a Financial institutions and services.
|
| 856 |
4 |
0 |
|u https://ebookcentral.proquest.com/lib/matrademy/detail.action?docID=3019557
|z Click to View
|